| 000 | 00747cam a2200253 i 4500 | ||
|---|---|---|---|
| 008 | |||
| 020 | _a0582463513 (pbk.) | ||
| 049 | _aMAIN | ||
| 090 | 0 | _aSB953 MAT. | |
| 100 | 1 | _aMatthews, G. A. | |
| 245 | 1 | 0 |
_aPesticide application methods / _cG. A. Matthews. |
| 260 |
_aLondon ; _aNew York : _bLongman, _c1979. |
||
| 300 |
_a334 p. : _bill. ; _c24 cm. |
||
| 504 | _aIncludes bibliographical references. | ||
| 500 | _aIncludes index. | ||
| 650 | 0 |
_aPesticides _xApplication. |
|
| 650 | 0 | _aSpraying and dusting in agriculture. | |
| 650 | 0 | _aSpraying equipment. | |
| 907 |
_a.b1017851x _b12-01-07 _c05-10-05 |
||
| 003 | |||
| 005 | 20230123134134.0 | ||
| 040 | _cNUST | ||
| 942 |
_cBOOKS _kSB953 MAT. |
||
| 999 |
_c160715 _d160715 |
||